Statistics for Countries most likely to leave the EU

Click here to take the quiz!

General Stats

  • This quiz has been taken 65 times
  • The average score is 11 of 12

Answer Stats

HintCountry% Correct
BrexitUnited Kingdom
100%
Eiffel TowerFrance
98%
CopenhagenDenmark
97%
HelsinkiFinland
97%
BudapestHungary
97%
Weed, bicyclesthe Netherlands
97%
SofiaBulgaria
95%
Formerly part of CzechoslovakiaCzech Republic
95%
Ikea, MinecraftSweden
95%
Arnold Schwarzennegger is from hereAustria
94%
Formerly part of YugoslaviaCroatia
90%
CorfuGreece
81%

Score Distribution

Percentile by Number Answered

Percent of People with Each Score

Your Score History

You have not taken this quiz